El conflicto militar del Perú con el Ecuador, 1941

Guardat en:
Dades bibliogràfiques
Autor principal: Monteza Tafur, Miguel (autor)
Format: Llibre
Idioma:espanyol
Publicat: Lima Arica 1976
Col·lecció:Perú Historia
Matèries:
Etiquetes: Afegir etiqueta
Sense etiquetes, Sigues el primer a etiquetar aquest registre!

MARC

LEADER 00000nam a2200000 a 4500
001 UCS2651
003 CL-VaPUC
008 970604e19760000PE |||||||||||||||||spa|d
082 0 4 |a 985.063  |b MON  |2 21 
100 |a Monteza Tafur, Miguel  |e autor  |9 388319 
245 1 3 |a El conflicto militar del Perú con el Ecuador, 1941 
300 |a 299 p 
942 |c BK 
945 |d 19970604 00:00:00  |a paguirre 
260 |a Lima  |b Arica  |c 1976 
650 0 |a Historia  |9 255047 
650 0 |a Guerra  |9 255876 
650 0 |a Conflicto internacional  |9 341259 
650 7 |a OPERACIONES BELICAS  |2 CL-VaPUC  |9 338010 
651 0 |a Perú  |9 256567 
651 0 |a Ecuador  |9 258378 
583 |a last modification  |c 19970604 00:00:00  |k Rodrigo Vera 
490 0 |a Perú Historia 
999 |c 260593  |d 260591 
952 |0 0  |1 0  |4 0  |6 985_063000000000000_MON_1976  |7 0  |8 P  |9 286822  |a BIBDER  |b BIBDER  |d 2019-11-19  |i 1860836  |o 985.063 MON 1976  |p 1860836  |r 2023-01-25  |w 2019-11-19  |y BK  |k DER